Statistics for Top 100 Biggest Cities in Pennsylvania

Click here to take the quiz!

General Stats

  • This quiz has been taken 100 times
  • The average score is 26 of 100

Answer Stats

Population City % Correct
1,526,006Philadelphia
98%
305,704Pittsburgh
95%
101,786Erie
94%
49,528Harrisburg
91%
76,089Scranton
91%
118,032Allentown
86%
59,322Lancaster
83%
88,082Reading
77%
41,498Wilkes-Barre
72%
46,320Altoona
72%
43,718York
71%
42,034State College
69%
33,972Chester
60%
74,982Bethlehem
60%
29,381Williamsport
52%
26,800Easton
49%
20,978Johnstown
46%
22,377Pottstown
46%
18,461West Chester
43%
20,268Chambersburg
43%
8,380Doylestown
40%
25,477Lebanon
40%
14,324Pottsville
35%
13,663Washington
35%
25,340Hazleton
34%
23,273New Castle
34%
34,324Norristown
34%
13,975Indiana
32%
9,840East Stroudsburg
31%
14,892Greensburg
31%
18,682Carlisle
31%
10,557Oil City
26%
19,731McKeesport
26%
13,757Butler
25%
11,545Elizabethtown
25%
28,386Monroeville
23%
8,981Mechanicsburg
23%
32,313Bethel Park
23%
14,855Bloomsburg
23%
27,126Plum
22%
13,388Meadville
22%
14,038Sharon
22%
8,322Grove City
20%
15,289Hanover
20%
8,770Bradford
20%
8,338Lewistown
20%
13,100Coatesville
20%
10,372Uniontown
18%
9,710Warren
18%
8,338Latrobe
18%
8,168Millersville
18%
13,394Ephrata
18%
8,979Quakertown
15%
9,926Northampton
15%
8,987Beaver Falls
15%
8,901Middletown
15%
16,440Phoenixville
15%
9,772Lock Haven
15%
9,369Lititz
14%
13,070St. Marys
14%
10,477Berwick
14%
20,313West Mifflin
12%
11,211Emmaus
12%
9,438Aliquippa
12%
9,905Sunbury
12%
8,891Carbondale
11%
13,116New Kensington
11%
13,944Whitehall
11%
16,220Hermitage
9%
10,461Wyomissing
9%
10,465Nanticoke
9%
16,269Lansdale
9%
10,568Waynesboro
9%
8,511Perkasie
9%
10,687Darby
9%
9,726Bristol
8%
20,079Murrysville
8%
10,400Columbia
8%
14,057Dunmore
6%
15,930Wilkinsburg
6%
11,406Munhall
6%
13,182Kingston
5%
9,654Jeannette
5%
19,767Baldwin
3%
13,470Franklin Park
3%
8,728Morrisville
3%
8,593Dormont
3%
11,761Lower Burrell
3%
9,643Brentwood
2%
8,268Pleasant Hills
2%
8,316Castle Shannon
2%
11,443Yeadon
2%
10,620Lansdowne
2%
8,370Bellevue
2%
8,970Economy
2%
10,619Jefferson Hills
2%
8,992Canonsburg
2%
8,786Collingdale
0%
8,313Old Forge
0%
8,983Swissvale
0%

Score Distribution

Percentile by Number Answered

Percent of People with Each Score

Your Score History

You have not taken this quiz